00402nam a22001217a 4500008004100000020001500041050002200056100002900078245005600107260003300163300006400196521002000260161129b xxu||||| |||| 00| 0 eng d a0684135213 aPN 2101 .H37 1964 aHartnoll, Phyllisd1964. aA concise history of the theatre/cPhyllis Hartnoll aNew York :bScribner,c1964. a288 pages :billustrations (some color), portraits ;c21cm. aIncludes index.